[Event "Tourn. n10068"]
[Site "www.echecsemail.com"]
[Date "2019.02.09"]
[Round "1"]
[White "Fantomas"]
[Black "Add"]
[WhiteElo "2170"]
[BlackElo "2220"]
[Result "1-0"]
[Round "1"]
1.e4 e5
2.Ng1f3 Nb8c6
3.Bf1b5 Ng8f6
4.Nb1c3 Bf8c5
5.Nf3xe5 Bc5xf2
6.Kxf2 Nc6xe5
7.Bb5e2 d6
8.d4 Ne5g4
9.Ke1 h5
10.Bc1g5 c6
11.h3 Ng4h6
12.Be2xh5 Qd8a5
13.Bg5xf6 gxf6
14.Rh1f1 Qa5g5
15.Bh5f3 Qg5e3
16.Nc3e2 Bc8d7
17.Qd1d2 Qe3xd2
18.Kxd2 O-O-O
19.Bf3h5 f5
20.exf5 Bd7xf5
21.Bh5xf7 Nh6xf7
22.Rf1xf5 Nf7h6
23.Rf5f3 Rd8e8
24.Ra1f1 Re8e4
25.Rf3e3 Re4xe3
26.Kxe3 Rh8g8
27.Rf1f6 { resign }
1-0

[Event "Tourn. n10030"]
[Site "www.echecsemail.com"]
[Date "2019.02.09"]
[Round "1"]
[White "Sorim"]
[Black "Andychesston"]
[WhiteElo "2080"]
[BlackElo "1980"]
[Result "1-0"]
[Round "1"]
1.e4 e5
2.Ng1f3 Nb8c6
3.Bf1c4 Bf8e7
4.d4 d6
5.d5 Nc6a5
6.Bc4d3 Bc8g4
7.b4 c5
8.bxa5 Qd8xa5
9.Bc1d2 Qa5c7
10.h3 Bg4h5
11.Bd3b5 Kf8
12.O-O a6
13.Bb5e2 Bh5g6
14.Nb1c3 b5
15.a3 b4
16.axb4 cxb4
17.Nc3a2 a5
18.Na2xb4 Bg6xe4
19.Bd2g5 f6
20.Bg5e3 Kf7
21.Nf3d2 Be4f5
22.Nb4a6 Qc7xc2
23.Qd1xc2 Bf5xc2
24.Ra1xa5 Be7d8
25.Ra5a2 Bc2f5
26.Nd2c4 Ke7
27.Rf1a1 Ng8h6
28.Na6b4 Ra8xa2
29.Ra1xa2 Bd8c7
30.Ra2a7 Kd8
31.Nb4c6 Kc8
32.Ra7a8 Kb7
33.Ra8xh8 Nh6f7
34.Rh8e8 Bf5d7
35.Re8e7 Bd7xc6
36.dxc6 Kxc6
37.Re7xf7 d5
38.Nc4a3 d4
39.Be2b5 Kb6
40.Be3d2 e4
41.Rf7xg7 Bc7e5
42.Rg7xh7 d3
43.Bd2e3 Ka5
44.Be3c5 Be5b8
45.Rh7b7 { resign }
1-0

[Event "Tourn. n10062"]
[Site "www.echecsemail.com"]
[Date "2019.02.09"]
[Round "1"]
[White "Crazybugouse"]
[Black "Bojan"]
[WhiteElo "1809"]
[BlackElo "1990"]
[Result "0-1"]
[Round "1"]
1.e3 e5
2.e4 b6
3.Ng1f3 Qd8f6
4.Nb1c3 Bc8b7
5.Bf1c4 Bf8b4
6.Nc3d5 Bb7xd5
7.Bc4xd5 c6
8.Bd5b3 Nb8a6
 { time }
0-1

[Event "Match"]
[Site "www.echecsemail.com"]
[Date "2019.02.09"]
[Round "1"]
[White "Jovaras"]
[Black "Liencam2"]
[WhiteElo "2140"]
[BlackElo "2320"]
[Result "0-1"]
[Round "1"]
1.e4 c5
2.Ng1f3 d6
3.d4 cxd4
4.Nf3xd4 Ng8f6
5.Nb1c3 a6
6.Bc1e3 e6
7.f3 b5
8.Qd1d2 Qd8c7
9.O-O-O Nb8d7
10.g4 Nd7b6
11.h4 Bf8e7
12.g5 Nf6h5
13.Bf1e2 Nh5g3
14.Rh1g1 Ng3xe2
15.Qd2xe2 b4
16.Nc3b1 Bc8d7
17.Nb1d2 Ra8c8
18.Nd2b3 Nb6c4
19.Be3f2 a5
20.Kb1 e5
21.Nd4f5 a4
22.Nb3d2 Nc4a3
23.bxa3 Qc7xc2
24.Ka1 Qc2c3
25.Kb1 bxa3
26.Nd2b3 axb3
27.Qe2d2 bxa2
{ resign }
0-1

[Event "Tourn. n10024"]
[Site "www.echecsemail.com"]
[Date "2019.02.10"]
[Round "1"]
[White "Bira47"]
[Black "Francesco"]
[WhiteElo "2040"]
[BlackElo "1960"]
[Result "0-1"]
[Round "1"]
1.c4 Ng8f6
2.g3 g6
3.Bf1g2 Bf8g7
4.Nb1c3 O-O
5.b3 c6
6.Bc1b2 d5
7.cxd5 cxd5
8.d4 Bc8g4
9.h3 Bg4c8
10.e3 a6
11.Ng1e2 Nb8c6
12.a3 b5
13.e4 dxe4
14.Nc3xe4 Nf6xe4
15.Bg2xe4 Qd8d6
16.Ra1c1 Bc8d7
17.Ne2f4 Ra8c8
18.O-O Nc6xd4
19.Rc1xc8 Rf8xc8
20.Bb2xd4 Qd6xd4
21.Qd1xd4 Bg7xd4
22.g4 e5
23.Nf4d5 Kf8
24.Nd5f6 Bd7c6
25.Rf1c1 Kg7
26.g5 Bc6d7
27.Rc1xc8 Bd7xc8
28.h4 Bd4b2
29.a4 h5
30.axb5 axb5
31.Be4d5 Bb2d4
32.Kg2 Kf8
33.Kf3 Ke7
34.Nf6g8 Kf8
35.Ng8f6 b4
36.Nf6h7 Ke7
37.Nh7f6 Bc8e6
38.Bd5xe6 Kxe6
39.Nf6e4 f5
40.gxf6 Bd4b6
41.Ke2 Bb6d8
42.f7 Kxf7
43.Kd3 Bd8xh4
44.f3 Ke6
45.Kc4 Bh4e1
46.Ne4c5 Kf5
47.Nc5d3 Be1c3
48.Nd3c5 h4
49.Nc5d3 e4
50.fxe4 Kxe4
51.Nd3f2 Kf3
52.Nf2h3 Kg3
53.Nh3g5 Kg4
54.Ng5e4 h3
55.Ne4f2 Kg3
56.Nf2e4 Kg2
57.Ne4xc3 bxc3
58.Kxc3 h2
59.b4 h1Q
{ resign }
0-1

[Event "Tourn. n10048"]
[Site "www.echecsemail.com"]
[Date "2019.02.10"]
[Round "1"]
[White "Francesco"]
[Black "Coolant"]
[WhiteElo "2050"]
[BlackElo "2270"]
[Result "0-1"]
[Round "1"]
1.e4 c5
2.c3 d5
3.exd5 Qd8xd5
4.d4 Nb8c6
5.Ng1f3 Bc8g4
6.Bf1e2 cxd4
7.cxd4 e6
8.Nb1c3 Bf8b4
9.O-O Bb4xc3
10.bxc3 Ng8e7
11.h3 Bg4xf3
12.Be2xf3 Qd5c4
13.Qd1d2 O-O
14.Bc1a3 Rf8e8
15.Ra1b1 Qc4a6
16.Bf3e2 Qa6xa3
17.Rb1xb7 Re8b8
18.Rb7xb8 Ra8xb8
19.Be2c4 Qa3b2
20.Qd2xb2 Rb8xb2
21.Rf1e1 Kf8
22.Kf1 Nc6a5
23.Bc4d3 Rb2xa2
24.Re1b1 Ne7c6
25.Bd3e4 Ra2a3
{ resign }
0-1

[Event "Tourn. n9892"]
[Site "www.echecsemail.com"]
[Date "2019.02.10"]
[Round "1"]
[White "Gvladutz"]
[Black "Numanoid"]
[WhiteElo "2480"]
[BlackElo "2510"]
[Result "0-1"]
[Round "1"]
1.e4 e6
2.d4 d5
3.Nb1c3 Ng8f6
4.Bc1g5 Bf8b4
5.e5 h6
6.Bg5d2 Bb4xc3
7.bxc3 Nf6e4
8.Qd1g4 g6
9.Bd2c1 c5
10.Bf1d3 Ne4xc3
11.dxc5 Qd8a5
12.Bc1d2 Qa5a4
13.Qg4f3 Nc3e4
14.Bd3xe4 dxe4
15.Qf3b3 Bc8d7
16.Qb3xb7 O-O
17.Ng1e2 Nb8a6
18.Ne2c3 Na6xc5
19.Nc3xa4 Nc5xb7
20.Na4c3 Rf8c8
21.Nc3xe4 Kg7
22.O-O-O Rc8c7
23.Rh1e1 Bd7a4
24.Bd2c3 Ba4c6
25.Bc3d4 Bc6d5
26.Rd1d3 Ra8c8
27.Rd3c3 Rc7xc3
28.Ne4xc3 Bd5xg2
29.Re1g1 Bg2h3
30.Rg1g3 Bh3f5
31.Bd4xa7 Nb7a5
32.a4 h5
33.Rg3e3 g5
34.Re3g3 Kg6
35.f4 g4
36.Kb2 Na5c4
37.Kb3 Nc4d2
38.Kb2 Nd2f3
39.Rg3g2 h4
40.Rg2f2 h3
41.a5 Nf3xh2
42.Rf2xh2 g3
43.Rh2h1 h2
44.Ba7g1 Rc8h8
45.Bg1e3 Kh5
46.a6 Kg4
47.a7 Kh3
48.Rh1a1 g2
49.Ra1a3 h1Q
50.Be3g1 Kg4
51.Nc3e2 Rh8a8
52.Ra3g3 Kh5
53.Rg3b3 Bf5g4
54.Rb3b8 Bg4xe2
55.Rb8xa8 Be2f3
56.Ra8h8 Kg6
57.Bg1h2 Qh1xh2
{ resign }
0-1

[Event "Tourn. n10068"]
[Site "www.echecsemail.com"]
[Date "2019.02.10"]
[Round "1"]
[White "Fantomas"]
[Black "Bojan"]
[WhiteElo "2170"]
[BlackElo "1990"]
[Result "1-0"]
[Round "1"]
1.e4 e5
2.Ng1f3 d6
3.Nb1c3 c6
4.d4 exd4
5.Nf3xd4 h6
6.Bf1c4 Ng8f6
7.O-O Nb8d7
8.f4 Nd7b6
9.Bc4b3 Bc8g4
10.Qd1e1 Qd8e7
11.f5 Qe7e5
12.Qe1e3 a6
13.Nd4xc6 Nb6d7
14.Nc6xe5 dxe5
15.Qe3e1 Nd7c5
16.h3 Bg4h5
17.g4 Nf6xg4
18.hxg4 Bh5xg4
19.Nc3d5 Ra8c8
20.f6 g6
21.Nd5e7 Rc8d8
22.Bc1d2 Nc5xb3
23.cxb3 h5
24.Bd2a5 Rd8d7
25.Qe1c3 Bf8xe7
26.Qc3xe5 Bg4e6
27.fxe7 Kxe7
28.Qe5xh8 { resign }
1-0

[Event "Match"]
[Site "www.echecsemail.com"]
[Date "2019.02.10"]
[Round "1"]
[White "Chapi"]
[Black "Bigrezi"]
[WhiteElo "2050"]
[BlackElo "2340"]
[Result "1-0"]
[Round "1"]
1.d4 Ng8f6
2.c4 g6
3.Nb1c3 d5
4.Ng1f3 Bf8g7
5.Bc1g5 O-O
6.Bg5xf6 Bg7xf6
7.e3 dxc4
8.Bf1xc4 a6
9.O-O b5
10.Bc4b3 Bc8b7
11.Nf3d2 Nb8c6
12.Nd2e4 Bf6g7
13.Ne4c5 Bb7c8
14.Bb3d5 Bc8d7
15.Nc5xd7 Qd8xd7
16.Qd1f3 Ra8d8
17.Bd5xc6 Qd7d6
18.Ra1c1 e5
19.dxe5 Bg7xe5
20.Nc3e4 Qd6xc6
21.Rc1xc6 { resign }
1-0

[Event "Tourn. n10043"]
[Site "www.echecsemail.com"]
[Date "2019.02.10"]
[Round "1"]
[White "Ssharp"]
[Black "Rons"]
[WhiteElo "2260"]
[BlackElo "2690"]
[Result "0-1"]
[Round "1"]
1.e4 c5
2.c3 d5
3.exd5 Qd8xd5
4.d4 Ng8f6
5.Ng1f3 e6
6.Bc1e3 cxd4
7.cxd4 Bf8b4
8.Nb1c3 Bc8d7
9.Bf1d3 O-O
10.O-O Bb4xc3
11.bxc3 Bd7b5
12.Bd3xb5 Qd5xb5
13.Qd1b3 Qb5b6
14.Ra1b1 Qb6xb3
15.axb3 Rf8d8
16.Nf3e5 Nf6d5
17.c4 Nd5b4
18.Rf1d1 f6
19.Ne5d3 Nb4xd3
20.Rd1xd3 Nb8c6
21.Kf1 Rd8d7
22.Ke2 Kf7
23.f4 Ra8d8
24.Rb1d1 Nc6b4
25.Rd3d2 b5
26.g4 Rd8c8
27.Rd1c1 a5
28.Kd1 bxc4
29.bxc4 a4
30.c5 a3
31.Rc1a1 Rc8a8
32.h4 Nb4d5
33.Ke2 f5
34.g5 Rd7b7
35.Rd2d3 a2
36.Rd3d2 Rb7b1
{ resign }
0-1

[Event "Tourn. n10034"]
[Site "www.echecsemail.com"]
[Date "2019.02.10"]
[Round "1"]
[White "Coolant"]
[Black "Fegatux"]
[WhiteElo "2260"]
[BlackElo "2130"]
[Result "0-1"]
[Round "1"]
1.d4 d5
2.c4 e6
3.Nb1c3 c6
4.Qd1b3 Ng8f6
5.Ng1f3 Bf8d6
6.c5 Bd6c7
7.Bc1g5 h6
8.Bg5h4 O-O
9.O-O-O b6
10.cxb6 axb6
11.e3 Nb8d7
12.Bf1d3 Bc8a6
13.Bd3b1 c5
14.Qb3c2 cxd4
15.Nf3xd4 Ba6b7
16.f3 b5
17.Nc3xb5 Bc7e5
18.Rd1d3 Qd8b6
19.Rd3c3 Rf8c8
20.Bh4f2 Rc8xc3
21.Nb5xc3 Ra8c8
22.Nd4b3 Be5xc3
23.bxc3 Qb6c7
24.Kb2 Nd7e5
25.Bf2g3 Ne5c4
26.Ka1 Qc7d7
27.Rh1e1 Bb7a6
28.e4 Nc4a3
29.Qc2d2 Na3xb1
30.Kxb1 dxe4
31.Qd2xd7 Nf6xd7
32.fxe4 Rc8xc3
33.Kb2 Rc3c8
34.Re1c1 Rc8xc1
35.Kxc1 Ba6f1
36.Kd2 Bf1xg2
37.Ke3 f5
38.exf5 exf5
39.h4 Kf7
40.a4 Bg2d5
41.Nb3d4 Kf6
42.Bg3d6 Nd7b6
43.Bd6f8 Nb6xa4
44.Bf8xg7 Kxg7
45.Nd4xf5 Kh7
46.Kd4 Bd5e6
47.Nf5g3 Kg6
48.Ke5 Be6g4
49.Kf4 Bg4d1
50.Ke5 Na4c5
51.Kd6 Nc5d3
52.Kd5 Nd3f4
53.Ke5 Nf4g2
54.Ke4 Ng2xh4
55.Kf4 Nh4g2
56.Ke5 Bd1f3
57.Ng3f5 h5
58.Nf5d4 Bf3b7
59.Nd4e2 Kg5
60.Ne2g1 Kg4
61.Kd4 Kg3
{ resign }
0-1

[Event "Tourn. n10025"]
[Site "www.echecsemail.com"]
[Date "2019.02.10"]
[Round "1"]
[White "Passaroa25"]
[Black "Ranjachess"]
[WhiteElo "1730"]
[BlackElo "1880"]
[Result "0-1"]
[Round "1"]
1.Nb1c3 d5
2.d4 Bc8f5
3.e3 Ng8f6
4.f3 e6
5.Ng1e2 Bf8b4
6.a3 Bb4xc3
7.Ne2xc3 O-O
8.Bf1e2 h5
9.h3 h4
10.O-O Qd8d6
11.Bc1d2 c5
12.f4 Nb8c6
13.Nc3b5 Qd6e7
14.Bd2c3 a6
15.g4 Bf5e4
16.Be2f3 axb5
17.Bf3xe4 Nf6xe4
18.g5 b4
19.Bc3e1 bxa3
20.b3 f6
21.Qd1g4 fxg5
22.fxg5 Rf8xf1
23.Kxf1 cxd4
24.Qg4xh4 dxe3
25.Ke2 d4
26.Qh4xe4 e5
27.h4 Nc6b4
28.Be1xb4 Qe7xb4
29.Qe4d5 Kh8
30.Qd5xe5 Qb4d2
31.Kf3 Qd2xc2
32.Qe5xd4 e2
33.Qd4e3 Ra8f8
34.Kg4 a2
35.Ra1e1 Qc2d1
36.Qe3xe2 Qd1xe2
37.Re1xe2 a1Q
38.Kh5 Qa1d1
{ resign }
0-1

[Event "1/32 Finale"]
[Site "www.chess-mail.com"]
[Date "2019.02.10"]
[Round "1"]
[White "Corr"]
[Black "Ff333"]
[WhiteElo "2200"]
[BlackElo "2020"]
[Result "1-0"]
[Round "1"]
1.e4 e5
2.Ng1f3 d6
3.Bf1c4 h6
4.d4 c6
5.dxe5 Qd8a5
6.b4 Qa5xb4
7.Nb1d2 Qb4c3
8.Ra1b1 dxe5
9.Bc1b2 Qc3a5
10.Nf3xe5 Bc8e6
11.Bc4xe6 fxe6
12.Qd1h5 Ke7
13.Qh5f7 Kd6
14.Ne5c4 { resign }
1-0

[Event "Match"]
[Site "www.echecsemail.com"]
[Date "2019.02.11"]
[Round "1"]
[White "Guidom"]
[Black "Ztornad"]
[WhiteElo "2090"]
[BlackElo "1910"]
[Result "1-0"]
[Round "1"]
1.e4 e5
2.Ng1f3 Nb8c6
3.Bf1b5 a6
4.Bb5a4 b5
5.Ba4b3 Ng8f6
6.d3 h6
7.c3 b4
8.c4 Bf8c5
9.O-O Nc6d4
10.Nf3xe5 Nd4xb3
11.axb3 d6
12.Ne5f3 O-O
13.Bc1e3 Bc5xe3
14.fxe3 c5
15.Nb1d2 Nf6g4
16.Qd1e2 Ng4e5
17.d4 Ne5g6
18.Rf1d1 Ng6h4
19.Nf3xh4 Qd8xh4
20.Qe2f2 Qh4h5
21.Nd2f3 Bc8g4
22.h3 Bg4xf3
23.Qf2xf3 Qh5g5
24.Qf3f4 Qg5xf4
25.exf4 cxd4
26.Rd1xd4 Rf8d8
27.Ra1a5 g6
28.Kf2 Rd8e8
29.Kf3 Re8e6
30.g4 Kg7
31.f5 Re6e5
32.Rd4d5 gxf5
33.gxf5 f6
34.Rd5xe5 dxe5
35.Ra5d5 Ra8a7
36.Rd5d6 h5
37.h4 a5
38.Rd6b6 Ra7d7
39.Ke3 Rd7a7
40.c5 a4
41.Rb6xb4 axb3
42.Rb4xb3 Ra7a1
43.c6 Ra1e1
44.Kd3 Re1d1
45.Kc4 Rd1d4
46.Kc5 Rd4xe4
47.c7 Re4xh4
48.c8Q Kh6
49.Qc8f8 Kg5
50.Qf8g7 Kxf5
51.Rb3f3 Rh4f4
52.Rf3xf4 exf4
53.Qg7g2 h4
54.Kd5 h3
55.Qg2xh3 Kg6
56.Ke6 Kg5
57.b4 f3
58.Qh3f5 Kh4
59.Qf5xf3 f5
60.Qf3g2 f4
61.Kf5 f3
62.Qg2h2 { resign }
1-0

[Event "Match"]
[Site "www.echecsemail.com"]
[Date "2019.02.11"]
[Round "1"]
[White "Paco"]
[Black "Tbsundar"]
[WhiteElo "2010"]
[BlackElo "2110"]
[Result "0-1"]
[Round "1"]
1.e4 e5
2.Ng1f3 Nb8c6
3.Bf1c4 Ng8f6
4.Nf3g5 d5
5.Bc4b3 Bc8g4
6.f3 Bg4e6
7.d3 h6
8.Ng5xe6 fxe6
9.O-O Bf8c5
10.Kh1 Nf6h5
11.Qd1e2 Qd8h4
12.Qe2e1 { time. }
0-1

[Event "Tourn. n10028"]
[Site "www.echecsemail.com"]
[Date "2019.02.11"]
[Round "1"]
[White "Cemaah"]
[Black "Tonino1"]
[WhiteElo "2290"]
[BlackElo "2310"]
[Result "1-0"]
[Round "1"]
1.e4 d6
2.Nb1c3 Ng8f6
3.g3 c6
4.Bf1g2 e5
5.Ng1e2 Qd8c7
6.d4 g6
7.O-O Bf8g7
8.h3 O-O
9.Bc1e3 h6
10.Qd1d2 Kh7
11.Ra1d1 Nb8a6
12.a3 Bc8e6
13.f4 exd4
14.Ne2xd4 Be6c4
15.Rf1f2 Rf8e8
16.b3 Bc4e6
17.f5 gxf5
18.Nd4xf5 Be6xf5
19.Rf2xf5 Ra8d8
20.Rd1f1 Re8e6
21.Rf1f4 Na6c5
22.Qd2f2 Qc7e7
23.Be3d4 Nc5d7
24.b4 b6
25.Kh2 c5
26.Bd4xf6 Nd7xf6
27.Nc3d5 Nf6xd5
28.Rf5xf7 Nd5xf4
29.Rf7xe7 Re6xe7
30.gxf4 Bg7d4
31.Qf2h4 Rd8e8
32.Bg2f3 Re7g7
33.Bf3g4 cxb4
34.axb4 Bd4e3
35.Bg4f5 Kg8
36.Qh4xh6 d5
37.Bf5e6 Re8xe6
38.Qh6xe6 Kh7
39.Qe6f5 Kh6
40.exd5 Be3g1
41.Kh1 Bg1d4
42.d6  { time }
1-0

[Event "Match"]
[Site "www.echecsemail.com"]
[Date "2019.02.11"]
[Round "1"]
[White "Paco"]
[Black "Gambitmiau"]
[WhiteElo "2030"]
[BlackElo "1910"]
[Result "0-1"]
[Round "1"]
1.e4 Nb8c6
2.d4 d5
3.e5 Bc8f5
4.Bc1e3 Nc6b4
5.Nb1a3 e6
6.c3 Nb4c6
7.Bf1b5 Ng8e7
8.Ng1f3 h6
9.Nf3h4 Bf5h7
10.Qd1b3 a6
11.Bb5xc6 Ne7xc6
12.Qb3xb7 Nc6a5
13.Qb7xa8 Qd8xa8
14.O-O Bf8xa3
15.bxa3 g5
16.Nh4f3 Na5c4
17.Be3c1 Bh7e4
18.Nf3d2 Nc4xd2
19.Bc1xd2 g4
20.f3 gxf3
21.gxf3 Rh8g8
22.Kh1 Be4f5
23.a4 { time. }
0-1

[Event "Match"]
[Site "www.echecsemail.com"]
[Date "2019.02.11"]
[Round "1"]
[White "Souricette64"]
[Black "Dussek"]
[WhiteElo "1799"]
[BlackElo "1910"]
[Result "1-0"]
[Round "1"]
1.e4 c6
2.d4 d5
3.e5 Bc8f5
4.h4 h5
5.Ng1f3 Bf5g4
6.Bf1d3 e6
7.Bc1g5 Qd8b6
8.c3 Qb6xb2
9.Qd1b3 Qb2xb3
10.axb3 Nb8d7
11.Nb1d2 Ng8e7
12.b4 Nd7b6
13.O-O Ne7g6
14.Ra1a5 Bf8e7
15.Rf1a1 Nb6d7
16.Ra5xa7 O-O
17.Ra7xa8 Be7xg5
18.Ra8xf8 Nd7xf8
19.Nf3xg5 Ng6xh4
20.Ra1a7 f6
21.Ng5f3 Nh4xf3
22.gxf3 Bg4h3
23.Kh2 Bh3f5
24.Bd3xf5 exf5
25.Ra7xb7 Nf8g6
26.e6 Kf8
27.Nd2b3 { resign }
1-0

[Event "Match"]
[Site "www.echecsemail.com"]
[Date "2019.02.11"]
[Round "1"]
[White "Liencam2"]
[Black "Fegatux"]
[WhiteElo "2320"]
[BlackElo "2130"]
[Result "1/2-1/2"]
[Round "1"]
1.e4 d6
2.d4 Ng8f6
3.Nb1c3 c6
4.f4 Qd8a5
5.Bf1d3 Bc8g4
6.Ng1f3 e6
7.O-O Nb8d7
8.e5 Nf6d5
9.Nc3e4 dxe5
10.fxe5 h6
11.Bc1d2 Qa5b6
12.Kh1 c5
13.h3 Bg4h5
14.Ne4g3 Bh5g6
15.Bd3xg6 fxg6
16.c4 Nd5c7
17.Bd2c3 O-O-O
18.Qd1a4 Qb6a6
19.Qa4xa6 Nc7xa6
20.d5 Rd8e8
21.d6 g5
22.Nf3d2 h5
23.Ng3e4 g4
24.h4 g6
25.Ne4g5 Na6b8
26.Nd2e4 Bf8g7
27.Ng5f7 Rh8f8
28.a3 Nb8c6
29.b4 Bg7xe5
30.Nf7xe5 Nc6xe5
31.Ne4xc5 Nd7xc5
32.Bc3xe5 Nc5d7
33.Be5g3 Rf8f5
34.Rf1c1 b6
35.Rc1c2 Kb7
36.Ra1b1 Kc6
37.a4 a6
38.b5 Kb7
39.Rb1e1 e5
40.Rc2e2 Re8e6
41.Re1d1 a5
42.Rd1d5 Kc8
43.Bg3f2 e4
44.Rd5d4 Nd7c5
45.Kh2 Kd7
46.Bf2g3 Re6e8
{ draw }
1/2-1/2

[Event "Match"]
[Site "www.echecsemail.com"]
[Date "2019.02.11"]
[Round "1"]
[White "Tbsundar"]
[Black "Geodad5"]
[WhiteElo "2060"]
[BlackElo "2130"]
[Result "0-1"]
[Round "1"]
1.d4 d5
2.c4 e6
3.e3 Ng8f6
4.Ng1f3 Bf8b4
5.Bc1d2 Bb4xd2
6.Nb1xd2 O-O
7.Bf1d3 h6
8.O-O Nb8d7
9.Qd1e2 dxc4
10.Nd2xc4 b6
11.Rf1c1 Bc8b7
12.b3 c5
13.Nc4d6 Bb7xf3
14.Qe2xf3 Qd8e7
15.Nd6b5 a6
16.Nb5c7 Ra8c8
17.Nc7xa6 cxd4
18.exd4 Rc8xc1
19.Ra1xc1 Qe7a3
20.Rc1c2 Nf6d5
21.h3 Nd7f6
22.b4 Kh8
23.b5 Rf8d8
24.Qf3e2 Nd5f4
25.Qe2e3 Qa3xd3
26.Rc2d2 Qd3xe3
27.fxe3 Nf4d5
28.Rd2d3 Rd8c8
29.Rd3b3 g5
30.a4 Rc8c4
31.a5 Nf6d7
32.axb6 Nd5xb6
33.Na6b4 Kg7
34.Nb4c6 f6
35.Nc6d8 e5
36.Kh2 f5
37.Kg3 Kf6
38.Nd8c6 exd4
39.exd4 h5
40.Rb3a3 Rc4a4
41.Ra3b3 Nb6d5
42.Kh2 Nd7b6
43.Rb3d3 Ra4a2
44.Rd3b3 Nd5f4
45.Nc6e5 Ra2xg2
46.Kh1 Rg2d2
47.h4 g4
48.Rb3b4 Nf4d5
49.Rb4b1 Rd2xd4
50.Ne5c6 Rd4d3
51.Rb1a1 f4
52.Ra1a6 Rd3b3
53.Nc6a7 Ke5
54.Na7c6 Ke4
55.Nc6a7 Rb3b2
56.Ra6a5 g3
57.Ra5a3 f3
58.Na7c6 Rb2b1
{ resign }
0-1

[Event "Match"]
[Site "www.echecsemail.com"]
[Date "2019.02.11"]
[Round "1"]
[White "Bojan"]
[Black "Mitja"]
[WhiteElo "1910"]
[BlackElo "2030"]
[Result "0-1"]
[Round "1"]
1.e4 d5
2.exd5 Qd8xd5
3.h3 e6
4.d4 c6
5.a3 h6
6.c4 Qd5d8
7.Nb1c3 Ng8f6
8.Ng1f3 b6
9.b4 Bc8b7
10.c5 b5
11.Bf1e2 Bf8e7
12.Nf3h2 O-O
13.Bc1f4 Nb8a6
14.Nh2g4 Na6c7
15.Be2d3 Nc7d5
16.Nc3xd5 exd5
17.Ng4e3 Rf8e8
18.Qd1f3 Nf6e4
19.g3 Be7f6
20.O-O-O Bf6xd4
21.Ne3f5 Bd4e5
22.Bf4xe5 Re8xe5
23.Bd3xe4 Re5xe4
24.Nf5d6 Re4e7
25.Rh1e1 Bb7c8
26.Re1xe7 Qd8xe7
27.g4 Bc8d7
28.Kd2 Qe7g5
29.Kc2 Bd7e6
30.Rd1d3 a6
31.Kb3 Ra8a7
32.Qf3e2 Ra7c7
33.f3 Kf8
34.Qe2f1 Qg5f4
35.Rd3c3 d4
36.Kc2 dxc3
37.Qf1d3 Qf4h2
38.Kxc3 Qh2e5
39.Kc2 f6
40.Nd6e4 Rc7d7
41.Ne4d6 Be6c4
42.Qd3h7 Qe5e2
43.Kc1 Qe2xf3
44.Qh7h8 Bc4g8
{ resign }
0-1

[Event "Match"]
[Site "www.echecsemail.com"]
[Date "2019.02.11"]
[Round "1"]
[White "Logout"]
[Black "Carsontwhite"]
[WhiteElo "2100"]
[BlackElo "1619"]
[Result "1-0"]
[Round "1"]
1.f3 e5
2.c4 f5
3.Nb1c3 c5
4.e3 Bf8d6
5.Ng1e2 Nb8a6
6.Nc3d5 g5
7.Ne2c3 Ng8h6
8.d3 O-O
9.Bc1d2 f4
10.e4 b5
11.Nc3xb5 Bc8b7
12.Nb5xd6 Bb7xd5
13.Qd1a4 Na6b4
14.Bd2xb4 Bd5e6
15.Bb4xc5 Ra8c8
16.Nd6b7 Qd8e8
17.Bc5xf8 Qe8xf8
18.Qa4xa7 Rc8c7
19.Qa7b6 Rc7c8
20.a4 Rc8c6
21.Qb6d8 Rc6c8
22.Qd8xg5 Kh8
23.Qg5xe5 Kg8
24.a5 Be6f7
25.Qe5xf4 Rc8b8
26.a6 Rb8a8
27.g4 Ra8a7
28.g5 Ra7xb7
29.axb7 Kg7
30.gxh6 Kg8
31.b8Q Qf8xb8
32.Qf4xb8 Bf7e8
33.Qb8xe8 
1-0

[Event "Tourn. n10057"]
[Site "www.echecsemail.com"]
[Date "2019.02.11"]
[Round "1"]
[White "Crazybugouse"]
[Black "Bojan"]
[WhiteElo "1809"]
[BlackElo "1980"]
[Result "0-1"]
[Round "1"]
1.Ng1f3 b6
2.d4 e6
3.g3 Bc8b7
4.Bf1g2 h6
5.O-O Bf8e7
6.c4 d5
7.Nf3e5 Nb8a6
8.Qd1a4 Kf8
9.Ne5d7 Ke8
10.Nd7c5 Kf8
 { time }
0-1

[Event "Tourn. n10039"]
[Site "www.echecsemail.com"]
[Date "2019.02.11"]
[Round "1"]
[White "Passaroa25"]
[Black "Hansen"]
[WhiteElo "1710"]
[BlackElo "1710"]
[Result "0-1"]
[Round "1"]
1.Nb1c3 e5
2.Ng1f3 Bf8b4
3.Nf3xe5 a6
4.a3 Bb4xc3
5.bxc3 Qd8g5
6.Ne5f3 Qg5f6
7.d4 c5
8.Bc1e3 Nb8c6
9.Be3g5 Qf6g6
10.e3 d5
11.dxc5 Bc8g4
12.Bf1e2 h6
13.Nf3h4 Qg6xg5
14.g3 Ng8f6
15.O-O Nc6e5
16.f4 Qg5h5
17.fxe5 Bg4xe2
18.Rf1f5 g5
19.Qd1d4 Nf6e4
20.Qd4xd5 Kf8
21.Qd5xe4 Ra8d8
22.Qe4xb7 Rh8h7
23.Nh4g2 Qh5h3
24.Ng2e1 Qh3xf5
25.Qb7xa6 Qf5f1

0-1

[Event "Tourn. n10059"]
[Site "www.echecsemail.com"]
[Date "2019.02.11"]
[Round "1"]
[White "Bojan"]
[Black "Aiko1603"]
[WhiteElo "2020"]
[BlackElo "2170"]
[Result "1/2-1/2"]
[Round "1"]
1.e4 c5
2.b3 Nb8c6
3.Bc1b2 d6
4.Qd1f3 Ng8f6
5.h3 e5
6.Nb1c3 Nc6d4
7.Qf3d1 Bf8e7
8.Ng1f3 O-O
9.Bf1d3 a6
10.Nc3d5 Bc8e6
11.Nd5xe7 Qd8xe7
12.Nf3xd4 cxd4
13.Qd1f3 d5
14.c3 dxe4
15.Bd3xe4 Nf6xe4
16.Qf3xe4 dxc3
17.Bb2xc3 f6
18.Bc3b4 Qe7d7
19.Bb4xf8 Ra8xf8
20.Ra1d1 Be6d5
21.Qe4d3 Qd7c6
22.f3 Rf8d8
23.O-O Qc6b6
24.Kh1 Bd5e6
25.Qd3b1 Qb6b4
26.d3 Qb4h4
27.Qb1c2 Rd8c8
28.Qc2e2 Be6f5
29.Qe2e3 Bf5xh3
30.Kg1 Qh4g3
31.Rf1f2 Rc8d8
32.d4 Rd8d5
33.Rd1d2 h6
34.Qe3e4 Bh3e6
35.f4 f5
36.Qe4e2 e4
37.Rf2f3 exf3
38.Qe2xe6 Kh8
39.Qe6e3 Qg3g4
40.Rd2f2 fxg2
41.Rf2xg2 Qg4d1
42.Kh2 Qd1xd4
43.Qe3e8 { draw }
1/2-1/2

[Event "1/64 Finale"]
[Site "www.chess-mail.com"]
[Date "2019.02.11"]
[Round "1"]
[White "Mitja"]
[Black "Bojan"]
[WhiteElo "1970"]
[BlackElo "1990"]
[Result "1-0"]
[Round "1"]
1.d4 c6
2.e3 Qd8c7
3.c3 g6
4.Ng1f3 Bf8g7
5.Bf1e2 b6
6.b3 Ng8f6
7.Bc1b2 Nf6e4
8.Nb1d2 f5
9.h3 Bc8b7
10.Nd2xe4 fxe4
11.Nf3d2 c5
12.dxc5 Qc7xc5
13.Qd1c2 d5
14.c4 Bg7xb2
15.Qc2xb2 O-O
16.cxd5 Qc5xd5
17.Be2c4 Nb8d7
18.Bc4xd5 Bb7xd5
19.O-O Nd7f6
20.Qb2e5 e6
21.Rf1d1 Ra8c8
22.Ra1c1 Nf6d7
23.Qe5b2 Nd7c5
24.Qb2b1 a5
25.Nd2c4 Nc5d3
26.Rc1c2 Rc8b8
27.Rc2d2 b5
28.Nc4xa5 Rf8f7
29.b4 Rb8f8
30.Rd1f1 Rf7c7
31.Rd2c2 Rc7f7
32.a3 Rf7d7
33.Na5b3 Rd7a7
34.Nb3c5 Ra7xa3
35.Nc5xd3 exd3
36.Rc2d2 Bd5c4
37.Qb1d1 Ra3b3
38.g4 e5
39.e4 g5
40.f3 Rf8a8
41.Rf1f2 Ra8a4
42.Rd2b2 Rb3a3
43.Rb2b1 Kg7
44.Qd1d2 h6
45.Qd2e3 Ra4a6
46.Kg2 Ra6c6
47.Kg3 Ra3a6
48.Rf2d2 Rc6d6
49.Qe3c5 Kf6
50.Qc5c8 Kf7
51.Qc8f5 Ke7
52.Qf5xe5 Rd6e6
53.Qe5g7 Ke8
54.Rb1a1 Re6g6
55.Qg7h8 Kf7
56.Ra1xa6 Rg6xa6
57.Qh8h7 Ke8
58.Qh7b7 Ra6e6
59.Kf2 Re6e7
60.Qb7c8 Kf7
61.Ke3 Kf6
62.Rd2d1 Kf7
63.Rd1a1 Bc4e6
64.Qc8c5 Re7b7
65.Ra1a8 Rb7d7
66.e5 d2
67.Qc5f8 Kg6
68.Qf8f6 { resign }
1-0

[Event "Tourn. n10067"]
[Site "www.echecsemail.com"]
[Date "2019.02.12"]
[Round "1"]
[White "Mitja"]
[Black "Malbertan"]
[WhiteElo "1970"]
[BlackElo "1990"]
[Result "1-0"]
[Round "1"]
1.d4 Ng8f6
2.e3 c5
3.dxc5 e5
4.c3 Bf8xc5
5.b3 d5
6.Bc1b2 Nb8c6
7.Ng1f3 Bc8g4
8.Bf1e2 O-O
9.O-O e4
10.Nf3d4 Nc6e5
11.Be2xg4 Nf6xg4
12.h3 Qd8h4
13.Bb2a3 Bc5xd4
14.cxd4 Ne5d3
15.Ba3xf8 Nd3xf2
16.Qd1e2 Nf2xh3
17.gxh3 Qh4xh3
18.Bf8d6 { resign }
1-0

[Event "Match"]
[Site "www.echecsemail.com"]
[Date "2019.02.12"]
[Round "1"]
[White "Caspito"]
[Black "Coraza"]
[WhiteElo "1800"]
[BlackElo "1750"]
[Result "1-0"]
[Round "1"]
1.e4 e5
2.Ng1f3 Nb8c6
3.Bf1c4 h6
4.d4 Bf8b4
5.c3 Bb4a5
6.O-O Ng8f6
7.Qd1b3 O-O
8.Nf3h4 d6
9.Bc1e3 Nf6xe4
10.Nh4g6 Bc8e6
11.Ng6xf8 Be6xc4
12.Qb3xc4 Qd8xf8
13.d5 Nc6e7
14.Qc4xe4 Ne7g6
15.Nb1d2 f5
16.Qe4a4 Ba5b6
17.Be3xb6 axb6
18.Qa4b3 e4
19.c4 Ng6f4
20.Qb3e3 Nf4d3
21.b3 Ra8e8
22.b4 f4
23.Qe3h3 Nd3xb4
24.a3 Nb4c2
25.Ra1a2 Nc2d4
26.Qh3d7 Re8e7
27.Qd7g4 f3
28.g3 Nd4e2
29.Kh1 Re7e5
30.Nd2xe4 Qf8e8
31.Ne4f6 Kf8
32.Nf6xe8 Re5xe8
33.Qg4xf3 Kg8
34.Ra2xe2 Re8f8
35.Qf3h5 Rf8a8
36.Qh5g6 Ra8f8
37.Rf1e1 Rf8f6
38.Re2e8 Rf6f8
39.Re8xf8 Kxf8
40.Re1e8 { resign }
1-0

[Event "Match"]
[Site "www.echecsemail.com"]
[Date "2019.02.12"]
[Round "1"]
[White "Eeze"]
[Black "Tonino1"]
[WhiteElo "1800"]
[BlackElo "2340"]
[Result "0-1"]
[Round "1"]
1.e4 d6
2.Ng1f3 Ng8f6
3.d3 c6
4.h3 Qd8c7
5.Nb1c3 e5
6.Bf1e2 g6
7.O-O Bf8g7
8.b4 O-O
9.Bc1b2 h6
10.Nf3d2 Bc8e6
11.f4 Qc7b6
12.Kh1 Qb6xb4
13.Ra1b1 exf4
14.a3 Qb4a5
15.Rf1xf4 Nb8d7
16.Rf4f2 Nd7e5
17.Qd1f1 Nf6e8
18.d4 Ne5d7
19.Nd2f3 Nd7b6
20.Qf1e1 Nb6c4
21.a4 Nc4xb2
22.Rb1xb2 b6
23.Be2d3 Ne8c7
24.e5 d5
25.Rb2a2 Nc7a6
26.Nc3e2 Na6b4
27.Ra2a3 Nb4xd3
28.cxd3 Qa5xe1
29.Nf3xe1 c5
30.Ne1f3 c4
31.dxc4 dxc4
32.Ne2c3 Rf8d8
33.Nc3b5 Bg7f8
34.Ra3a1 Rd8d7
35.Rf2b2 Ra8d8
36.Nb5c3 Be6d5
37.Nc3xd5 Rd7xd5
38.Rb2b5 Kg7
39.Ra1c1 Rd5xb5
40.axb5 Rd8d5
41.Rc1xc4 Rd5xb5
42.Rc4c7 a5
43.Rc7d7 Kg8
44.d5 a4
45.d6 a3
46.Rd7a7 Rb5a5
47.Ra7xa5 bxa5
48.Nf3d4 a4
49.Nd4c2 a2
50.Kg1 f6
51.d7 Bf8e7
52.e6 Kf8
53.Kf2 Be7c5
54.Ke2 Ke7
55.Kd2 Bc5b6
56.Kc1 a3
57.d8Q Kxd8
58.Nc2a1 Bb6d4
59.e7 Kxe7
60.Kc2 Bd4xa1
{ resign }
0-1